Leggete le SS. Scritture. (Record n. 37655)
[ formato base ]
| 000 -LEADER | |
|---|---|
| fixed length control field | 00960nam a22001937a 4500 |
| 003 - CONTROL NUMBER IDENTIFIER | |
| control field | IT-RoPau |
| 005 - DATE AND TIME OF LATEST TRANSACTION | |
| control field | 20220918175936.0 |
| 008 - FIXED-LENGTH DATA ELEMENTS--GENERAL INFORMATION | |
| fixed length control field | 121214b xxu||||| |||| 00| 0 eng d |
| 040 ## - CATALOGING SOURCE | |
| Transcribing agency | IT-RoPau |
| 100 ## - MAIN ENTRY--PERSONAL NAME | |
| Personal name | Alberione Giacomo |
| Titles and words associated with a name | ssp |
| 9 (RLIN) | 14 |
| 245 ## - TITLE STATEMENT | |
| Title | Leggete le SS. Scritture. |
| Remainder of title | Esse vi parlano di Gesù Cristo (Dal Vangelo di S. Giovanni 5,39) |
| 250 ## - EDITION STATEMENT | |
| Edition statement | 1° ed. |
| 260 ## - PUBLICATION, DISTRIBUTION, ETC. (IMPRINT) | |
| Place of publication, distribution, etc. | Cinisello Balsamo (Mi) |
| Name of publisher, distributor, etc. | Edizioni San Paolo |
| Date of publication, distribution, etc. | 2004 |
| 300 ## - PHYSICAL DESCRIPTION | |
| Extent | 351 p. |
| Dimensions | 21,5 cm |
| 490 ## - SERIES STATEMENT | |
| Series statement | Opera Omnia (serie blu) |
| 500 ## - GENERAL NOTE | |
| General note | Dieci Ore di Adorazione sulla S. Bibbia tenute dal M.G. Alberione, ssp. |
| 520 ## - SUMMARY, ETC. | |
| Summary, etc. | SOMMARIO<br/>Sigle e abbreviazioni;<br/>Presentazione;<br/>Avvertenze;<br/>Leggete le SS. Scritture;<br/>PARTE PRIMA<br/>La Sacra Bibbia in relazione alla fede (Verità);<br/>PARTE SECONDA<br/>La S. Bibbia in relazione alla morale (Via);<br/>PARTE TERZA<br/>La S. Bibbia in relazione al culto (Vita);<br/>INDICI<br/>Indice delle citazioni bibliche;<br/>Indice analitico;<br/>Indice generale. |
| 942 ## - ADDED ENTRY ELEMENTS (KOHA) | |
| Source of classification or shelving scheme | Dewey Decimal Classification |
| Koha item type | LIBRO |
| Withdrawn status | Lost status | Source of classification or shelving scheme | Damaged status | Not for loan | Home library | Current library | Date acquired | Total Checkouts | Full call number | Date last seen | Price effective from | Koha item type |
|---|---|---|---|---|---|---|---|---|---|---|---|---|
| Dewey Decimal Classification | Buone Condizioni | Not For Loan | PAULUS-BIBLIOTECA | PAULUS-BIBLIOTECA | 14/12/2012 | P A7 | 14/12/2012 | 14/12/2012 | LIBRO | |||
| Dewey Decimal Classification | Buone Condizioni | Not For Loan | PAULUS-BIBLIOTECA | PAULUS-BIBLIOTECA | 14/12/2012 | P A7 | 14/12/2012 | 14/12/2012 | LIBRO | |||
| Dewey Decimal Classification | Buone Condizioni | Not For Loan | PAULUS-BIBLIOTECA | PAULUS-BIBLIOTECA | 17/12/2012 | P A7 | 17/12/2012 | 17/12/2012 | LIBRO | |||
| Dewey Decimal Classification | Buone Condizioni | Not For Loan | PAULUS-BIBLIOTECA | PAULUS-BIBLIOTECA | 18/12/2012 | P A7 | 18/12/2012 | 18/12/2012 | LIBRO | |||
| Dewey Decimal Classification | Buone Condizioni | Not For Loan | PAULUS-BIBLIOTECA | PAULUS-BIBLIOTECA | 18/12/2012 | P A7 | 18/12/2012 | 18/12/2012 | LIBRO | |||
| Dewey Decimal Classification | Buone Condizioni | Not For Loan | PAULUS-BIBLIOTECA | PAULUS-BIBLIOTECA | 18/12/2012 | P A7 | 18/12/2012 | 18/12/2012 | LIBRO | |||
| Dewey Decimal Classification | Buone Condizioni | Not For Loan | PAULUS-BIBLIOTECA | PAULUS-BIBLIOTECA | 07/01/2013 | 07/01/2013 | 07/01/2013 | LIBRO |